000 00344nam a22001457a 4500
020 _a978-81-8477-419-1
082 _a823
_bJAM/M
100 _aJAMES, M R
245 _aMORE GHOST STORIESOF AN ANTIQUARY
250 _aFIRST EDITION
260 _aNEW YORK
_bSCHOLASTIC INC
_c2011
300 _a112
650 _aNOVEL
_zUNITED STATES
942 _cBK
999 _c3370
_d3370